Southville International School and Colleges
Your cart is empty.
  • Cart
  • Lists
    Public lists Eva Luna New books Lux_list list_1
    Your lists Log in to create your own lists
  • Log in to your account
  • Your cookies
  • Search history
Southville International School and Colleges
  • Advanced search
  • Recent comments
  • Most popular
  • Libraries

Log in to your account

Log in with GOOGLE


If you do not have an external account, but do have a local account, you can still log in:

  1. Home
  2. MARC view: Junkyard adventures :
Normal view MARC view ISBD view

Junkyard adventures : (Record no. 292733)

[ view plain ]
MARC details
000 -LEADER
fixed length control field 00676nam a2200241Ia 4500
008 - FIXED-LENGTH DATA ELEMENTS--GENERAL INFORMATION
fixed length control field 160319s9999 xx 000 0 und d
100 ## - MAIN ENTRY--PERSONAL NAME
Personal name Dataworks.
245 ## - TITLE STATEMENT
Title Junkyard adventures :
245 ## - TITLE STATEMENT
Remainder of title Dinosaurs /
245 ## - TITLE STATEMENT
Statement of responsibility, etc developed by Smarty Pants Publishing.
260 ## - PUBLICATION, DISTRIBUTION, ETC. (IMPRINT)
Place of publication, distribution, etc Rowville, VIC :
260 ## - PUBLICATION, DISTRIBUTION, ETC. (IMPRINT)
Name of publisher, distributor, etc Dataworks,
260 ## - PUBLICATION, DISTRIBUTION, ETC. (IMPRINT)
Date of publication, distribution, etc 2000
300 ## - PHYSICAL DESCRIPTION
Extent 1 CD-ROM :
300 ## - PHYSICAL DESCRIPTION
Other physical details sound, colored ;
300 ## - PHYSICAL DESCRIPTION
Dimensions 4 3/4 in.
650 ## - SUBJECT ADDED ENTRY--TOPICAL TERM
Topical term or geographic name as entry element Computer games --
650 ## - SUBJECT ADDED ENTRY--TOPICAL TERM
Topical term or geographic name as entry element Dinosaurs --
650 ## - SUBJECT ADDED ENTRY--TOPICAL TERM
Topical term or geographic name as entry element Educational games --
650 ## - SUBJECT ADDED ENTRY--TOPICAL TERM
General subdivision Juvenile interactive multimedia.
650 ## - SUBJECT ADDED ENTRY--TOPICAL TERM
General subdivision Juvenile interactive multimedia.
650 ## - SUBJECT ADDED ENTRY--TOPICAL TERM
General subdivision Juvenile interactive multimedia.
Holdings
Withdrawn status Lost status Damaged status Home library Current library Date acquired Total Checkouts Barcode Date last seen Price effective from Koha item type
      Stonyhurst Southville International School (Batangas) Stonyhurst Southville International School (Batangas) 03/19/2016   AV-336 03/19/2016 03/19/2016 Audio Visual Materials

Junkyard adventures :

APA

Dataworks, .Junkyard adventures. Rowville, VIC: .

Chicago

Dataworks, .Junkyard adventures. Rowville, VIC: .

Harvard

Dataworks, .Junkyard adventures. Rowville, VIC: .

MLA

Dataworks, .Rowville, VIC: . .

  • Place hold
  • Print
  • Cite
  • Add to your cart (remove)
  • Save record
    BIBTEX Dublin Core MARCXML MARC (non-Unicode/MARC-8) MARC (Unicode/UTF-8) MARC (Unicode/UTF-8, Standard) MODS (XML) RIS
  • More searches
    Search for this title in:
    Other Libraries (WorldCat) Other Databases (Google Scholar) Online Stores (Bookfinder.com) Open Library (openlibrary.org)

Exporting to Dublin Core...

SOUTHVILLE LIBRARY

Southville International School and Colleges Library

1281 Tropical Ave. Cor. Luxembourg St., BF Homes International, Las Pinas City

Tel. No. 8256374 / 252358 Loc. 117/146

Powered by Koha